Statistics for Country and Capital Neighbour Connect with Jumps and Disappearing World Map: Reversed, by Alphabetical Order

Click here to take the quiz!

General Stats

  • This quiz has been taken 794 times
  • The average score is 205 of 392

Answers on the Map

Answers color-coded by a green-red scale on the quiz's map according to % correct below.
 

Answer Stats

Country/Capital% Correct
Sana'a
100%
Doha
97%
Saudi Arabia
97%
Riyadh
95%
Ankara
93%
Baghdad
93%
Syria
93%
Serbia
92%
Sofia
92%
Albania
90%
Austria
90%
Bangladesh
90%
Beijing
90%
Bratislava
90%
Bulgaria
90%
China
90%
Croatia
90%
Czech Republic
90%
Dhaka
90%
Estonia
90%
India
90%
Islamabad
90%
Lithuania
90%
Ljubljana
90%
Macedonia
90%
Moldova
90%
New Delhi
90%
North Korea
90%
Podgorica
90%
Poland
90%
Pyongyang
90%
Riga
90%
Romania
90%
Russia
90%
Slovakia
90%
Slovenia
90%
South Korea
90%
Ukraine
90%
Vienna
90%
Afghanistan
89%
Armenia
89%
Astana
89%
Azerbaijan
89%
Georgia
89%
Iran
89%
Kabul
89%
Kazakhstan
89%
Mongolia
89%
Moscow
89%
Pakistan
89%
Tajikistan
89%
Tbilisi
89%
Tehran
89%
Ulaanbaatar
89%
Uzbekistan
89%
Bishkek
88%
Dushanbe
87%
Addis Ababa
81%
Botswana
80%
Luanda
80%
Namibia
80%
Pretoria
80%
South Africa
80%
Tanzania
80%
Zambia
80%
Abuja
79%
Algeria
79%
Angola
79%
Bujumbura
79%
Burundi
79%
Central African Republic
79%
Chad
79%
Democratic Republic of the Congo
79%
Dodoma
79%
Juba
79%
Kampala
79%
Kigali
79%
Kinshasa
79%
Libya
79%
Lusaka
79%
Mali
79%
Mauritania
79%
N'Djamena
79%
Nigeria
79%
Rwanda
79%
Uganda
79%
Accra
78%
Conakry
78%
Cote d'Ivoire
78%
Freetown
78%
Ghana
78%
Guinea
78%
Liberia
78%
Monrovia
78%
Sierra Leone
78%
Andorra
77%
Andorra la Vella
77%
Bamako
77%
Banjul
77%
Benin
77%
Burkina Faso
77%
Dakar
77%
France
77%
Gambia
77%
Lomé
77%
Madrid
77%
Morocco
77%
Senegal
77%
Togo
77%
Nouakchott
76%
Belize
74%
Belmopan
74%
Bogotá
74%
Bolivia
74%
Brasília
74%
Brazil
74%
Canada
74%
Colombia
74%
Costa Rica
74%
El Salvador
74%
Guatemala
74%
Guatemala City
74%
Guyana
74%
Honduras
74%
Lima
74%
Managua
74%
Mexico
74%
Mexico City
74%
Ottawa
74%
Panama
74%
San Salvador
74%
Suriname
74%
Tegucigalpa
74%
United States
74%
Venezuela
74%
Washington D.C.
74%
Nicaragua
73%
Panama City
73%
San José
73%
Cuba
68%
Havana
68%
Jamaica
62%
Kingston
62%
Dominica
60%
Roseau
60%
Indonesia
59%
Jakarta
59%
Malaysia
59%
Papua New Guinea
59%
Asmara
58%
Bangui
58%
Brazzaville
58%
Cameroon
58%
Dili
58%
Djibouti
58%
Djibouti (cap)
58%
East Timor
58%
Equatorial Guinea
58%
Eritrea
58%
Ethiopia
58%
Gabon
58%
Kenya
58%
Khartoum
58%
Libreville
58%
Mogadishu
58%
Nairobi
58%
Somalia
58%
South Sudan
58%
Sudan
58%
Yaoundé
58%
Grenada
57%
Nukuʻalofa
57%
Saint George's
57%
Tonga
57%
Cape Verde
56%
Praia
56%
Australia
55%
Canberra
55%
Apia
54%
Bangkok
54%
Cambodia
54%
Hanoi
54%
Laos
54%
Myanmar
54%
Naypyidaw
54%
Phnom Penh
54%
Samoa
54%
Thailand
54%
Vientiane
54%
Vietnam
54%
Castries
52%
Saint Lucia
52%
Tunisia
52%
Amman
51%
Cairo
51%
Israel
51%
Jerusalem
51%
Jordan
51%
Tripoli
51%
Beirut
50%
Cyprus
50%
Damascus
50%
Iraq
50%
Lebanon
50%
Nicosia
50%
Antigua and Barbuda
48%
Manila
48%
Saint John's
48%
Seychelles
48%
Victoria
48%
Argentina
47%
Asunción
47%
Buenos Aires
47%
Chile
47%
Ecuador
47%
Federated States of Micronesia
47%
La Paz
47%
Palikir
47%
Paraguay
47%
Peru
47%
Philippines
47%
Quito
47%
Santiago
47%
Belgrade
46%
Bosnia and Herzegovina
46%
Pristina
46%
Sri Jayawardenepura Kotte
46%
Sri Lanka
46%
Tirana
46%
Zagreb
46%
Belarus
45%
Budapest
45%
Greece
45%
Kiev
45%
Kosovo
45%
Latvia
45%
Minsk
45%
Montenegro
45%
Sarajevo
45%
Skopje
45%
Vilnius
45%
Fiji
44%
Malta
44%
Port Vila
44%
Suva
44%
Valletta
44%
Vanuatu
44%
Bahrain
43%
Manama
43%
Honiara
42%
Kiribati
42%
Solomon Islands
42%
South Tarawa
42%
Finland
40%
Helsinki
40%
Iceland
40%
Dominican Republic
39%
Haiti
39%
Ireland
39%
Lisbon
39%
Norway
39%
Oslo
39%
Port-au-Prince
39%
Portugal
39%
Reykjavík
39%
Rome
39%
Santo Domingo
39%
Spain
39%
Stockholm
39%
Sweden
39%
United Kingdom
39%
Bern
38%
Gaborone
38%
Harare
38%
Liechtenstein
38%
Lilongwe
38%
Malawi
38%
Maputo
38%
Mbabane
38%
Mozambique
38%
New Zealand
38%
Swaziland
38%
Switzerland
38%
Vaduz
38%
Wellington
38%
Zimbabwe
38%
São Tomé
37%
São Tomé and Príncipe
37%
Maldives
36%
Malé
36%
Abu Dhabi
30%
Luxembourg
30%
Luxembourg (cap)
30%
Muscat
30%
Oman
30%
United Arab Emirates
30%
Yemen
30%
Amsterdam
29%
Belgium
29%
Ngerulmud
29%
Palau
29%
Basseterre
28%
Caracas
28%
Georgetown
28%
Netherlands
28%
Paramaribo
28%
Paris
28%
Saint Kitts and Nevis
28%
Singapore
28%
Singapore (cap)
28%
Bandar Seri Begawan
27%
Brunei
27%
Funafuti
27%
Kuala Lumpur
27%
Taipei
27%
Taiwan
27%
Tuvalu
27%
Berlin
26%
Prague
26%
Comoros
25%
Moroni
25%
Seoul
25%
Copenhagen
23%
Denmark
23%
Japan
23%
Kathmandu
23%
Nepal
23%
Tokyo
23%
Bhutan
21%
Brussels
21%
Germany
21%
Thimphu
21%
Windhoek
20%
Ashgabat
19%
Dublin
19%
Kyrgyzstan
19%
London
19%
Tashkent
19%
Turkmenistan
19%
Nauru
16%
Yaren
16%
Port-of-Spain
15%
Trinidad and Tobago
15%
Tallinn
14%
Antananarivo
13%
Athens
13%
Baku
13%
Barbados
13%
Bridgetown
13%
Kingstown
13%
Lesotho
13%
Madagascar
13%
Maseru
13%
Montevideo
13%
Saint Vincent and the Grenadines
13%
Turkey
13%
Uruguay
13%
Yerevan
13%
Majuro
12%
Marshall Islands
12%
Algiers
11%
Italy
11%
Niger
11%
Porto-Novo
11%
San Marino
11%
San Marino (cap)
11%
Tunis
11%
Vatican City
11%
Vatican City (cap)
11%
Bahamas
10%
Monaco
10%
Monaco (cap)
10%
Ouagadougou
10%
Qatar
10%
Republic of the Congo
10%
Yamoussoukro
10%
Kuwait
9%
Malabo
9%
Mauritius
9%
Nassau
9%
Port Louis
9%
Port Moresby
9%
Kuwait City
8%
Bissau
7%
Egypt
7%
Guinea-Bissau
7%
Rabat
7%
Niamey
6%
Warsaw
6%
Bucharest
5%
Chișinău
5%
Hungary
5%

Score Distribution

Percentile by Number Answered

Percent of People with Each Score

Your Score History

You have not taken this quiz